Cary's traveller's companion (Record no. 113843)
[ view plain ]
| 000 -LEADER | |
|---|---|
| fixed length control field | 00952cam a22001935a 4500 |
| 001 - CONTROL NUMBER | |
| control field | L155811 |
| 008 - FIXED-LENGTH DATA ELEMENTS--GENERAL INFORMATION | |
| fixed length control field | 120417s1817 xxk f 000 0 eng d |
| 035 ## - SYSTEM CONTROL NUMBER | |
| System control number | (Sirsi) u155811 |
| 041 0# - LANGUAGE CODE | |
| Language code of text/sound track or separate title | eng |
| 100 1# - MAIN ENTRY--PERSONAL NAME | |
| Personal name | Cary, John |
| Dates associated with a name | ca. 1754-1835 |
| 245 00 - TITLE STATEMENT | |
| Title | Cary's traveller's companion |
| Remainder of title | or, a delineation of the turnpike roads of England and Wales; shewing the immediate route to every market and borough town throughout the kingdom, laid down from the best authorities, on a new set of county maps. To which is added, an alphabetical list of all the market towns, with the days on which they are held |
| 260 ## - PUBLICATION, DISTRIBUTION, ETC. | |
| Place of publication, distribution, etc. | London |
| Name of publisher, distributor, etc. | Printed for John Cary |
| Date of publication, distribution, etc. | 1817 |
| 300 ## - PHYSICAL DESCRIPTION | |
| Extent | [45] leaves, 18 p. |
| Other physical details | maps (1 folded) |
| Dimensions | 18 cm. |
| 520 ## - SUMMARY, ETC. | |
| Summary, etc. | Maps show roads with distances, and have a list of distances of towns from London. |
| 583 ## - ACTION NOTE | |
| Action | Condition reviewed |
| Time/date of action | 20120620 |
| Status | condition level 1 |
| 651 #4 - SUBJECT ADDED ENTRY--GEOGRAPHIC NAME | |
| Geographic name | Great Britain |
| Chronological subdivision | 1707- |
| 690 ## - LOCAL SUBJECT ADDED ENTRY--TOPICAL TERM (OCLC, RLIN) | |
| Topical term or geographic name as entry element | Infrastructure |
| 9 (RLIN) | 6246 |
| 942 ## - ADDED ENTRY ELEMENTS (KOHA) | |
| Suppress in OPAC | 0 |
| Withdrawn status | Lost status | Source of classification or shelving scheme | Damaged status | Not for loan | Home library | Current library | Shelving location | Date acquired | Total Checkouts | Full call number | Barcode | Date last seen | Copy number | Price effective from | Koha item type |
|---|---|---|---|---|---|---|---|---|---|---|---|---|---|---|---|
| Dewey Decimal Classification | Historic collection | Historic collection | Historic collection | 17/04/2012 | OCTAVO 1817 CARY | 30076748 | 06/08/2019 | 1 | 06/08/2019 | Book |